5-Letter World Capitals - Statistics

General Stats
  • This quiz has been taken 263 times
    233 since last reset
  • The average score is 14 of 22
Answer Stats
Capital % Correct
Cairo
85%
Paris
81%
Tokyo
78%
Tunis
74%
Accra
72%
Abuja
70%
Amman
70%
Seoul
68%
Rabat
67%
Minsk
66%
Dakar
65%
Quito
65%
Hanoi
63%
Vaduz
63%
Sana'a
60%
Dhaka
59%
Yaren
57%
Praia
54%
Kabul
48%
Sofia
46%
La Paz
43%
Sucre
33%
No matching quizzes found
Score Distribution
Percent of People with Each Score
Percentile by Number Answered
Your Score History
You have not taken this quiz since the last reset